000 01028nam a2200241Ia 4500
003 OSt
005 20221213110817.0
008 210310s1994 mx gr 000 0 spa d
020 _a9686627510
040 _aCO-JMCR
_cCO-JMCR
041 0 _aspa
082 0 4 _a343.72037 /
_bU762n
_223
100 1 _aUribe Gómez, José Candelario,
_eautor
_929291
245 1 0 _aNormatividad en materia de deuda publica estatal y municipal /
_cJosé Candelario Uribe Gómez
260 _aMéxico :
_bIndetec,
_c1994.
300 _a336 páginas ;
_c27 cm.
490 0 _aPrograma para la Hacienda Pública
504 _aBibliografía: páginas 198-200
505 0 _aMarco de referencia -- Aspectos técnicos y administrativos de la deuda pública -- Normatividad vigente en materia de deuda pública -- Bases mínimas para adecuar o instrumentar una ley de deuda publica, ya sea estatal, municipal, o estatal y municipal
650 1 4 _aDeuda pública
_929293
_zMéxico
650 2 4 _aDerecho y legislación
_911497
_zMéxico
942 _2ddc
_cBK
999 _c12815
_d12815